Paroles de chansons Ninho - Statistiques

Statistiques générales
  • Ce quiz a été pris 769 fois
  • Le résultat moyen est 5 sur 15
Statistiques - réponses
Hint Réponse % Correct
J'ai raisonné bicrave ou faire le pu, on a fait c'que tu faisais pasOuvrir à midi recompter le soir, elle me rend nerveux comme Vegeta Elle m'a eu
69%
Des liasses en dessous du litInséparables comme Clyde et Bonnie Vie de bandit de gros bonnet Mamacita
57%
Le tampon PSG sur les premières quétouzesLe cœur, le bâtiment délabré, plus jeune j'voulais des sous Quelques situations compliquées, donc il a fallu s'impliquer Filon
48%
Et deux billets de 500 brisent une amitié parce que ton ami veut plus que la moitiéQuand j'avais pas ce métier, dis-moi où vous étiez? Tout ce que je retiens c'est que quand t'es bien ils te boufferont les pieds Malcolm
44%
Une cagoule, un pétard, une bécane suffiront pour refroidir tes potosIl a fallu se débrouiller, derrière moi je n'avais zéro grand frère Rose
40%
Pas cramé comme un schmitt, siège bébé dans l'monospaceJ'compte ma liasse quans le boloss part Couteau chauffé comme les flammes Fendi
37%
Mon putain d'iPhone fait que d'borner, babyElvira est love de Tony Charismatique, charismatique, j't'allume comme Denzel et j'vais graille Sky Priority
35%
Que de jean A qui sont près du corps, pour mon Uzi noir, faut un baggy (binks)J'termine le couplet en "brr" (en "brr"), y a pas d'embrouilles, c'est que du bruit Binks to binks 7
32%
T'es mort si tu comptes sur les autresTer-ter comme TN, j'ai rajouté W après BM Et j'ai toujours la conso couleur R-M Ma 6t a craqué
30%
Cellophane à bord du Q7, j'te fais pas qu'du saleLe ciel, c'est doux, le feu, ça brûle, espèce de gogol Voiture chargée, interdit d'bédave Intro
29%
On est passé du bitume à la distrib' T'as zéro style mais tu t'obstines Mauvais train de vie, direction Auschwitz Pour nous
27%
Complètement die sous peuggeuf, je confonds la droite et la gaucheEt ta sœur me kiffe, elle veut gratter sa tof avec N-I Mais c’est qu’une keh à Mojito, elle mérite même pas le 22 du cana Binks to binks 1
20%
J'suis pas venu au monde pour te ressemblerJ'veux savoir comment t'as fait pour faire autant d'blé J'suis tellement concentré sur l'oseille Kim Jong-il
18%
On a laissé la beuh, l'rrain-te, aux tits-pe, et la RE, bébé, je l'ai dans la peauC'est la guerre sans repos, la guerre sans répit, y a qu'les vrais rates-pi qui mangeront sur l'gâteau Problèmes du matin
15%
Shoot comme des neg's à ATLEt j'ai pas besoin des autres pour répliquer Un corazón black, cerveau plein d'sales idées VSS
5%
Aucun quiz correspondant
Distribution des résultats
% des personnes avec chaque résultat
Percentile par nombre de réponses
Votre historique - résultats
Vous n’avez pas pris ce quiz